[Event "CZE-ch U12"]
[Site "Kouty nad Desnou"]
[Date "2020.03.09"]
[Round "4"]
[White "Babula, Matej"]
[Black "Tichy, Tomas"]
[Result "0-1"]
[WhiteElo "1353"]
[BlackElo "1516"]
[PlyCount "98"]
[EventDate "2020.03.07"]
[EventType "swiss"]
[EventRounds "7"]
[EventCountry "CZE"]
[SourceTitle "CBM 195 Extra"]
[Source "ChessBase"]
[SourceDate "2020.05.31"]
[SourceVersion "1"]
[SourceVersionDate "2020.05.31"]
[SourceQuality "1"]

1. e4 c5 2. c3 d5 3. exd5 Qxd5 4. d4 e5 5. dxe5 Qxd1+ 6. Kxd1 Nc6 7. Nf3 Bg4 8. Be2 0-0-0+ 9. Nbd2 Bxf3 10. Bxf3 Nxe5 11. Kc2 Nf6 12. c4 Bd6 13. b3 Rhe8 14. Re1 Nxf3 15. Nxf3 Rxe1 16. Nxe1 Be5 17. Rb1 Bd4 18. f3 Re8 19. Kd2 Bc3+ 20. Kxc3 Rxe1 21. Kd2 Rg1 22. g3 Rg2+ 23. Kd3 Rxh2 24. Rb2 Rxb2 25. Bxb2 Ne8 26. Ke4 Kd7 27. Kd5 b6 28. f4 Nc7+ 29. Ke4 g6 30. g4 Ke6 31. g5 Ne8 32. Be5 Nd6+ 33. Kf3 Nf5 34. Bb8 Nd4+ 35. Ke4 Nc6 36. Be5 Nxe5 37. fxe5 a6 38. a3 b5 39. cxb5 axb5 40. a4 c4 41. bxc4 bxa4 42. Kd4 a3 43. Kc3 Kxe5 44. Kb3 Kd4 45. Kxa3 Kxc4 46. Kb2 Kd4 47. Kc2 Ke4 48. Kd2 Kf4 49. Ke2 Kxg5 0-1

[Event "EU-ch U10"]
[Site "Bratislava"]
[Date "2019.08.08"]
[Round "7"]
[White "Arora, Abhiraaj"]
[Black "Tichy, Tomas"]
[Result "1-0"]
[WhiteElo "1463"]
[BlackElo "1325"]
[PlyCount "75"]
[EventDate "2019.08.02"]
[EventType "swiss"]
[EventRounds "9"]
[EventCountry "SVK"]
[SourceTitle "EXT 2020"]
[Source "ChessBase"]
[SourceDate "2019.10.17"]
[SourceVersion "1"]
[SourceVersionDate "2019.10.17"]
[SourceQuality "1"]

1. e4 c5 2. Nf3 g6 3. d4 cxd4 4. Qxd4 Nf6 5. e5 Nc6 6. Qa4 Ng8 7. Nc3 Bg7 8. Bf4 f6 9. Qe4 fxe5 10. Nxe5 Nf6 11. Qe3 0-0 12. Nxc6 bxc6 13. 0-0-0 d5 14. f3 Bd7 15. Ne2 e6 16. g4 Qc8 17. h4 Qb7 18. Be5 Qc8 19. h5 Be8 20. hxg6 hxg6 21. Bg2 Rf7 22. Bf4 a5 23. Bh6 a4 24. a3 Rb8 25. Qc3 Ne4 26. Qd3 Bxb2+ 27. Kb1 Bg7+ 28. Kc1 Nf2 29. Qxg6 Nxd1 30. Kxd1 Rb1+ 31. Nc1 Re7 32. Qg5 Qd7 33. f4 Kf8 34. f5 exf5 35. gxf5 Bxh6 36. Qxh6+ Kf7 37. Qg6+ Kf8 38. Rh8# 1-0

[Event "EU-ch U10"]
[Site "Bratislava"]
[Date "2019.08.05"]
[Round "4"]
[White "Tichy, Tomas"]
[Black "Durovka, Marek"]
[Result "1-0"]
[WhiteElo "1325"]
[BlackElo "1596"]
[PlyCount "65"]
[EventDate "2019.08.02"]
[EventType "swiss"]
[EventRounds "9"]
[EventCountry "SVK"]
[SourceTitle "EXT 2020"]
[Source "ChessBase"]
[SourceDate "2019.10.17"]
[SourceVersion "1"]
[SourceVersionDate "2019.10.17"]
[SourceQuality "1"]

1. e4 c5 2. b4 cxb4 3. a3 d5 4. exd5 Qxd5 5. Nf3 e5 6. c4 Qe4+ 7. Be2 Nc6 8. 0-0 Nf6 9. d3 Qf5 10. axb4 Bxb4 11. Ba3 Bxa3 12. Nxa3 0-0 13. Qb3 Be6 14. Qxb7 Rfc8 15. Qb3 Rab8 16. Qc3 e4 17. dxe4 Nxe4 18. Qc2 Nb4 19. Qc1 Qc5 20. Nd2 Nxd2 21. Qxd2 Rd8 22. Qc3 Rd4 23. Rfd1 Rbd8 24. Rxd4 Rxd4 25. Rd1 Rxd1+ 26. Bxd1 Qd6 27. Be2 Na2 28. Qb2 Qb4 29. Qxa2 Qe1+ 30. Bf1 Bf5 31. Qe2 Qb4 32. Qe8+ Qf8 33. Qxf8+ 1-0

[Event "Prague Golden op 14th"]
[Site "Prague"]
[Date "2018.07.07"]
[Round "8"]
[White "Tichy, Tomas"]
[Black "Rous, Dominik"]
[Result "0-1"]
[WhiteElo "1180"]
[BlackElo "1226"]
[PlyCount "102"]
[EventDate "2018.06.30"]
[EventType "swiss"]
[EventRounds "9"]
[EventCountry "CZE"]
[SourceTitle "CBM 185 Extra"]
[Source "ChessBase"]
[SourceDate "2018.07.29"]
[SourceVersion "1"]
[SourceVersionDate "2018.07.29"]
[SourceQuality "1"]

1. e4 g6 2. d4 d6 3. Nc3 Bg7 4. f3 Nf6 5. Be3 0-0 6. Bd3 b6 7. Nge2 Bb7 8. Qd2 c5 9. 0-0 Nbd7 10. d5 Ne5 11. b3 a6 12. a4 Re8 13. Bh6 Nxd3 14. cxd3 e6 15. dxe6 Rxe6 16. Bxg7 Kxg7 17. Nf4 Re5 18. Qf2 d5 19. Qg3 dxe4 20. Nfe2 Re6 21. dxe4 Nh5 22. Qg4 Bc6 23. Rad1 Qe7 24. Nf4 Nxf4 25. Qxf4 Qf6 26. Qxf6+ Rxf6 27. Nd5 Bxd5 28. Rxd5 Rc6 29. Rc1 Rac8 30. Kf2 Kf6 31. Ke3 Ke6 32. Kf4 c4 33. b4 Rd6 34. Rxd6+ Kxd6 35. Ke3 a5 36. bxa5 bxa5 37. Kd4 Rb8 38. Kc3 Rb4 39. Ra1 Kc5 40. Ra3 Rb1 41. Ra2 Rb3+ 42. Kc2 Kb4 43. Kc1 Ra3 44. Rb2+ Kxa4 45. h3 Rb3 46. Rc2 Kb4 47. Kd2 c3+ 48. Kd3 Rb2 49. Rxc3 Rb3 50. Rxb3+ Kxb3 51. Kd2 Kb2 0-1

[Event "Prague Golden op 14th"]
[Site "Prague"]
[Date "2018.07.02"]
[Round "3"]
[White "Tichy, Tomas"]
[Black "Tesar, Jakub"]
[Result "1/2-1/2"]
[WhiteElo "1180"]
[BlackElo "1299"]
[PlyCount "68"]
[EventDate "2018.06.30"]
[EventType "swiss"]
[EventRounds "9"]
[EventCountry "CZE"]
[SourceTitle "CBM 185 Extra"]
[Source "ChessBase"]
[SourceDate "2018.07.29"]
[SourceVersion "1"]
[SourceVersionDate "2018.07.29"]
[SourceQuality "1"]

1. e4 e5 2. Nf3 Nc6 3. Bc4 Bc5 4. b4 Bxb4 5. c3 Bc5 6. d4 exd4 7. Qb3 Qe7 8. 0-0 Nf6 9. e5 Ng4 10. Bb2 0-0 11. cxd4 Bb6 12. Re1 Na5 13. Qa4 Nxc4 14. Qxc4 Ba5 15. Re2 Qb4 16. Qc2 d6 17. Ba3 Qb6 18. h3 Nh6 19. Qe4 Bf5 20. Qf4 Bxb1 21. Rb2 Qa6 22. Raxb1 dxe5 23. Nxe5 Bd2 24. Qxd2 Qxa3 25. Rxb7 Qd6 26. Qb4 Qxb4 27. R1xb4 f6 28. Nc6 a5 29. Rb1 Rf7 30. Re1 Nf5 31. Rb5 g6 32. g4 Nh4 33. Re3 a4 34. Rb7 f5 1/2-1/2

[Event "Prague Golden op 14th"]
[Site "Prague"]
[Date "2018.07.01"]
[Round "2"]
[White "Tichy, Tomas"]
[Black "Gacho, Ondrej"]
[Result "0-1"]
[WhiteElo "1180"]
[BlackElo "1337"]
[PlyCount "102"]
[EventDate "2018.06.30"]
[EventType "swiss"]
[EventRounds "9"]
[EventCountry "CZE"]
[SourceTitle "CBM 185 Extra"]
[Source "ChessBase"]
[SourceDate "2018.07.29"]
[SourceVersion "1"]
[SourceVersionDate "2018.07.29"]
[SourceQuality "1"]

1. e4 c5 2. b4 cxb4 3. a3 e5 4. axb4 Bxb4 5. c3 Be7 6. d4 Nc6 7. d5 Nb8 8. Nf3 d6 9. Bd3 Nf6 10. c4 Nbd7 11. 0-0 Nc5 12. Be3 Nfxe4 13. Bxc5 Nxc5 14. Qc2 Nxd3 15. Qxd3 0-0 16. Nc3 Bd7 17. Qe3 a6 18. Ne4 Bg4 19. Ng3 Rc8 20. Rac1 b6 21. h3 Bd7 22. Qd3 a5 23. Nh2 f5 24. f4 exf4 25. Rxf4 Bg5 26. Qd4 Bxf4 27. Qxf4 Rf6 28. Nhf1 Qe8 29. Ne3 Qe5 30. Qf3 f4 31. Ne4 fxe3 32. Nxf6+ gxf6 33. Qe2 Bb5 34. Qg4+ Kf7 35. Qxc8 Be8 36. Qe6+ Qxe6 37. dxe6+ Kxe6 38. Re1 Kd7 39. Rxe3 Bf7 40. Rb3 Kc6 41. Rc3 Kc5 42. Rf3 Bxc4 43. Rxf6 Bd3 44. Rf3 Be4 45. Rg3 b5 46. Kf1 a4 47. Ke1 b4 48. Kd1 b3 49. Kc1 Kb4 50. Kb2 a3+ 51. Kc1 b2+ 0-1

[Event "EU Union-ch U08"]
[Site "Kouty nad Desnou"]
[Date "2017.08.20"]
[Round "2"]
[White "Tichy, Tomas"]
[Black "Anghel, Teodor Andrei"]
[Result "0-1"]
[WhiteElo "1125"]
[BlackElo "1213"]
[PlyCount "86"]
[EventDate "2017.08.19"]
[EventType "swiss"]
[EventRounds "9"]
[EventCountry "CZE"]
[SourceTitle "CBM 180 Extra"]
[Source "ChessBase"]
[SourceDate "2017.10.06"]
[SourceVersion "1"]
[SourceVersionDate "2017.10.06"]
[SourceQuality "1"]

1. Nf3 e6 2. e4 b6 3. d4 Bb7 4. Nc3 d5 5. Bb5+ c6 6. Ba4 Nd7 7. exd5 cxd5 8. 0-0 Ngf6 9. Bg5 Be7 10. Re1 0-0 11. Bxd7 Nxd7 12. Bxe7 Qxe7 13. Qd3 Nf6 14. Ne5 Rac8 15. Rad1 Bc6 16. a3 Qb7 17. Rc1 a6 18. Nxc6 Rxc6 19. b4 Rfc8 20. Ne2 Ne4 21. f3 Nc3 22. Ng3 b5 23. Rf1 Rc4 24. f4 Qb6 25. Ne2 Nxe2+ 26. Qxe2 Qxd4+ 27. Kh1 Qb2 28. g3 Rxc2 29. Rxc2 Rxc2 30. Qh5 Qxa3 31. Qd1 Qb2 32. Qh5 Qxb4 33. f5 Qe4+ 34. Qf3 exf5 35. Qxe4 fxe4 36. Rf5 d4 37. Rd5 Kf8 38. Rxd4 e3 39. Kg1 e2 40. Kf2 Ke7 41. Rd3 a5 42. Rd5 Rb2 43. h4 a4 0-1

[Event "Novy Bor op-A"]
[Site "Novy Bor"]
[Date "2014.09.18"]
[Round "1"]
[White "Majstr, Jiri"]
[Black "Tichy, Tomas"]
[Result "1/2-1/2"]
[WhiteElo "1853"]
[BlackElo "1909"]
[PlyCount "29"]
[EventDate "2014.09.18"]
[EventType "swiss"]
[EventRounds "9"]
[EventCountry "CZE"]
[SourceTitle "EXT 2016"]
[Source "ChessBase"]
[SourceDate "2015.10.08"]
[SourceVersion "1"]
[SourceVersionDate "2015.10.08"]
[SourceQuality "1"]

1. e4 c5 2. c3 g6 3. d4 cxd4 4. cxd4 d5 5. exd5 Nf6 6. Nc3 Nxd5 7. Nf3 Bg7 8. Bc4 Nxc3 9. bxc3 0-0 10. 0-0 Nc6 11. Be3 Qc7 12. Rc1 Bg4 13. h3 Bf5 14. Bd3 Bxd3 15. Qxd3 1/2-1/2